000 00654nam a22002057a 4500
999 _c179306
_d179306
005 20210604161548.0
010 _aB-739991
020 _a9788185273730
_c150.00
035 _aB-739991
037 _bGift
082 _a133.5
100 _aRaman, B.V.
245 _aMy experiences in astrology /
_cby B.V. Raman
260 _aNew Delhi
_bUBS Publishers's Distributors
_c2013
270 _a5 Ansari Road, Daryaganj
_bNew Delhi
_e110002
300 _avi, 327p.
_c18cm(pbk)
490 _aBVR Astrology Series
942 _2ddc
_cEN
_mRAM
_h133.5